| 000 | 00534nam a22001217a 4500 | ||
|---|---|---|---|
| 999 |
_c21334 _d21334 |
||
| 008 | 240905b ||||| |||| 00| 0 eng d | ||
| 100 |
_aDomingo-Madronio Dall, Julien Tiza. _eauthor. _960208 |
||
| 245 |
_aA teacher's perspective on the organization and management of english programs / _cJulien Tiza Domingo-Madronio Dall. |
||
| 260 |
_aPhilippines; _bPublishers Association of the Philippines, Inc., _cJuly 2019. |
||
| 300 | _aVolume 168, pages 48. | ||
| 700 |
_aDomingo-Madronio Dall, Julien Tiza. _eauthor. _960208 |
||
| 942 |
_2ddc _cPER |
||